000 00293nam a2200121 i 4500
001 bg
245 0 _aWybrane problemy badawcze szczeciƄskiego pasa przymorskiego.
260 _aSzczecin,
_c1988.
040 _cBPK
041 _apol
942 _cKS
008 s pl f |000 0 pol
999 _c28841
_d28841
856 _uhttp://koha.tu.koszalin.pl/cgi-bin/koha/opac-detail.pl?biblionumber=28841
_yKatalog online BPK